NACLA: A 35 year restrospective /

Guardado en:
書目詳細資料
主要作者: Rosen, Fred
格式: Texto
主題:
標簽: 添加標簽
沒有標簽, 成為第一個標記此記錄!

MARC

LEADER 00000 a a2200000 04500
001 9976
003
040
100 |a Rosen, Fred  
245 |a NACLA:   |b A 35 year restrospective /  |c Fred Rosen 
650 |a PUBLICACIONES PERIODICAS  
650 |a MOVIMIENTOS SOCIALES  
650 |a POLITICA EXTERIOR  
773 |g volumen 36, número 3; páginas 12-13  
999 |c 28116  |d 28116